Footballers That Have Played in Serie A - Sudden Death - Statistics

General Stats
  • This quiz has been taken 161 times
  • The average score is 7 of 10
Answers on the Grid
Answers color-coded by a green-red scale on the quiz's grid according to % correct below.
Will Smallbone
Scott McTominay
Rodri
Randal Kolo Muani
Rafael Leão
Martin Ødegaard
Manuel Akanji
Kenan Yıldız
Kaká
Jobe Bellingham
Jeremy Doku
Jan Oblak
Hakan Çalhanoğlu
Granit Xhaka
Gianluigi Buffon
Federico Dimarco
Dušan Vlahović
Christian Pulisic
Aleksandar Mitrović
Abdukodir Khusanov
 
Answer Stats
Answer % Correct
Scott McTominay
92%
Rafael Leão
81%
Kaká
77%
Gianluigi Buffon
75%
Hakan Çalhanoğlu
71%
Christian Pulisic
69%
Dušan Vlahović
67%
Federico Dimarco
67%
Kenan Yıldız
67%
Randal Kolo Muani
62%
No matching quizzes found
Score Distribution
Percent of People with Each Score
Percentile by Number Answered
Your Score History
You have not taken this quiz